Rectángulo de San Andrés /
Una reunión de cuatro de las mejores obras dramáticas de Mauricio Kartun. Estas obras tienen una geografía común, la ciudad de San Andrés, y representan personajes y escenas de la vida cotidiana en un barrio humilde. Todas son elaboradas a partir del material autobiográfico del autor, junto con una...
Guardado en:
| Autor Principal: | |
|---|---|
| Formato: | Libro |
| Idioma: | Undetermined |
| Publicado: |
Buenos Aires :
Interzona,
2023.
|
| Edición: | 1a ed. |
| Series: | Identidades bonaerenses
Zona de teatro |
| Materias: | |
| Etiquetas: |
Agregar Etiqueta
Sin Etiquetas, Sea el primero en etiquetar este registro!
|
| LEADER | 01786nam a22002895a 4500 | ||
|---|---|---|---|
| 001 | CEM.cems024852 | ||
| 008 | 250808s2023####ag############000#0#und#d | ||
| 005 | 20250819094646.0 | ||
| 245 | 1 | 0 | |a Rectángulo de San Andrés / |c Mauricio Kartun. |
| 250 | |a 1a ed. | ||
| 260 | |a Buenos Aires : |b Interzona, |c 2023. | ||
| 300 | |a 194 p. | ||
| 490 | 1 | |a Identidades bonaerenses | |
| 490 | 1 | |a Zona de teatro | |
| 500 | |a Edición especial de la Dirección de Cultura y Educación de la Provincia de Buenos Aires. | ||
| 500 | |a Sugerencia de edad: a partir de ciclo orientado. Requiere acompañamiento docente. | ||
| 520 | |a Una reunión de cuatro de las mejores obras dramáticas de Mauricio Kartun. Estas obras tienen una geografía común, la ciudad de San Andrés, y representan personajes y escenas de la vida cotidiana en un barrio humilde. Todas son elaboradas a partir del material autobiográfico del autor, junto con una profunda mirada reflexiva. Las mejores obras de teatro de uno de los dramaturgos más reconocidos del teatro argentino. Mauricio Kartun muestra que su producción teatral es concebida como manifestación de una identidad personal y como extensión de una cultura identitaria compartida. | ||
| 505 | 0 | |a Chau Misterix -- La casita de los viejos -- Cumbia morena cumbia -- Rápido nocturno, aire de foxtrot | |
| 020 | |a 9789877900712 | ||
| 100 | 1 | |a Kartun, Mauricio. | |
| 653 | |a Literatura argentina | ||
| 653 | |a Teatro argentino | ||
| 653 | |a Identidades bonaerenses | ||
| 859 | |a CEMS |b BIB. CEMS - Agricultura |h A862.4 |i K189 |p A3926.25 |t Ej.1 | ||
| 859 | |a CEMS |b BIB. CEMS - Ccias. Educacion |h A862.4 |i K189 |k CE |p 30323.25 |t Ej.1 | ||
| 859 | |a CEMS |b BIB. CEMS - 11 de abril |h A862.4 |i K189 |p 30321.25 |t Ej.1 | ||
| 859 | |a CEMS |b BIB. CEMS - 11 de abril |h A862.4 |i K189 |p 30322.25 |t Ej.2 | ||
